<?xml version="1.0" encoding="UTF-8"?><collection xmlns="info:lc/xmlns/marcxchange-v2"><record format="Unimarc" type="bibliographic"><leader>00891cam 02200253  04500</leader><controlfield tag="001">1762721</controlfield><controlfield tag="003">http://id.bnportugal.gov.pt/bib/porbase/1762721</controlfield><controlfield tag="005">20030621133300.0</controlfield><datafield ind1=" " ind2=" " tag="010"><subfield code="a">0-486-65067-7</subfield></datafield><datafield ind1=" " ind2=" " tag="035"><subfield code="8">65062</subfield></datafield><datafield ind1=" " ind2=" " tag="095"><subfield code="a">PTBN00620700</subfield></datafield><datafield ind1=" " ind2=" " tag="100"><subfield code="a">19900707e19861949k  y0pory0103    ba</subfield></datafield><datafield ind1="0" ind2=" " tag="101"><subfield code="a">eng</subfield></datafield><datafield ind1=" " ind2=" " tag="102"><subfield code="a">US</subfield></datafield><datafield ind1="1" ind2=" " tag="200"><subfield code="a">&lt;The &gt;variational principles of mechanics</subfield><subfield code="f">Cornelius Lanczos</subfield></datafield><datafield ind1=" " ind2=" " tag="205"><subfield code="a">4th ed</subfield></datafield><datafield ind1=" " ind2=" " tag="210"><subfield code="a">New York</subfield><subfield code="c">Dover</subfield><subfield code="d">1986</subfield></datafield><datafield ind1=" " ind2=" " tag="215"><subfield code="a">XXIX, 418 p</subfield></datafield><datafield ind1="2" ind2=" " tag="225"><subfield code="a">Mathematical expositions</subfield><subfield code="v">4</subfield></datafield><datafield ind1=" " ind2=" " tag="300"><subfield code="a">Reedição da 4ª ed. da obra publicada pela 1ª vez pela University of Toronto Press 1949, com o vol. 4ª da série "Mathematical Expositions"</subfield></datafield><datafield ind1=" " ind2=" " tag="675"><subfield code="a">531.01</subfield><subfield code="v">med</subfield><subfield code="z">por</subfield><subfield code="3">1381599</subfield></datafield><datafield ind1=" " ind2="1" tag="700"><subfield code="a">Lanczos</subfield><subfield code="b">Cornelius</subfield><subfield code="3">188556</subfield></datafield><datafield ind1=" " ind2="0" tag="801"><subfield code="a">PT</subfield><subfield code="b">BN</subfield><subfield code="g">RPC</subfield></datafield><datafield ind1=" " ind2=" " tag="977"><subfield code="1">517.9G.69.4ed</subfield><subfield code="2">coop</subfield><subfield code="4">UAVSD</subfield><subfield code="6">mq1355099</subfield><subfield code="7">bc</subfield><subfield code="8">coop</subfield><subfield code="9">UAVSD</subfield><subfield code="k">0</subfield></datafield><datafield ind1=" " ind2=" " tag="977"><subfield code="1">531.01 LAN</subfield><subfield code="2">coop</subfield><subfield code="4">UCDF</subfield><subfield code="6">mq1355098</subfield><subfield code="7">bc</subfield><subfield code="8">coop</subfield><subfield code="9">UCDF</subfield><subfield code="a">C</subfield><subfield code="b">71981</subfield><subfield code="k">0</subfield></datafield><datafield ind1=" " ind2=" " tag="998"><subfield code="a">UCF1-278</subfield></datafield></record></collection>